| 000 | 01199nam0a22003251 4500 | ||
|---|---|---|---|
| 001 | rc\3428581 | ||
| 005 | 20260407101821.0 | ||
| 021 |
_aRU _b72-29069 |
||
| 021 |
_aRU _bРг9876-72 |
||
| 035 | _a(NLR Aleph) 007561317 | ||
| 090 |
_a5305076 _c5305076 |
||
| 100 | _a20130115d1971 |||y0rusy50 ca | ||
| 101 | 0 | _arus | |
| 102 | _aRU | ||
| 105 | _aa z ||||| | ||
| 200 | 1 | _aБесконтактные индуктивные декады мостов переменного тока | |
| 210 |
_aКиев _cБ. и. _d1971 |
||
| 215 |
_a24 с. _cсхем. _d20 |
||
| 225 | 1 |
_aАН УССР. Институт электродинамики. Препринт _v29 |
|
| 300 | _aПеред загл. авт.: Ф.Б. Гриневич, А.И. Новик, А.Е. Коротынский | ||
| 320 | _aБиблиогр.: с. 24 | ||
| 700 | 1 |
_aГриневич _bФ.Б. _gФедосий Борисович |
|
| 701 | 1 |
_aНовик _bА.И. |
|
| 701 | 1 |
_aКоротынский _bА.Е. |
|
| 712 | 0 | 2 |
_aИнститут электродинамики _cКиев _3RU\NLR\AUTH\889929386 _9354273 |
| 801 | 0 |
_aRU _bNLR _gpsbo |
|
| 801 | 1 |
_aRU _bELAR _2rusmarc |
|
| 852 |
_aNLR _j72-4/11375 |
||
| 942 | _cBOOK | ||
| 980 | _aNB | ||